| 000 | 00410nam a2200157Ia 4500 | ||
|---|---|---|---|
| 008 | 230711s9999||||xx |||||||||||||| ||und|| | ||
| 041 | _aENG | ||
| 082 |
_a4 _bBE-P |
||
| 100 | _aHenry H. Bednar | ||
| 245 | 0 | _aPressure vessel design handbook | |
| 250 | _a2nd Ed. | ||
| 260 |
_c1986 _aNew Delhi _bCBS Publishers & Distributors Pvt.Ltd |
||
| 650 | _aCivil Engineering | ||
| 700 | _aHennessy,John L | ||
| 942 | _cBK | ||
| 999 |
_c2513 _d2513 |
||